000
00327 a2200145 4500
001
155707
040
_c
Escola São Tomás de Aquino
240
1
0
_a
Novo Testamento
_l
por
245
1
0
_a
Novo Testamento
300
_a
351
362
0
_a
2000
440
1
_a
Sociedade Bíblica do Brasil
697
_a
Novo Testamento
942
_c
BK
999
_c
155707
_d
155707